Two and a half men characters - Statistics

General Stats
  • This quiz has been taken 540 times
  • The average score is 7 of 8
Answer Stats
Hint Answer % Correct
Previous main character Charlie Harper
95%
house maid Berta
92%
lonely man who lives in beach house Alan Harper
91%
Went in to the military Jake Harper
91%
Crazy woman Rose
89%
Alan's ex-wife Judith
88%
Jake's step dad Herb
78%
Billionaire who lives in beach house Walden Schmidt
65%
No matching quizzes found
Score Distribution
Percent of People with Each Score
Percentile by Number Answered
Your Score History
You have not taken this quiz